Toxicology of metals
Αποθηκεύτηκε σε:
| Άλλοι συγγραφείς: | , , , |
|---|---|
| Μορφή: | Βιβλίο |
| Γλώσσα: | English |
| Δημοσίευση: |
Boca Raton :
CRC Press,
1996
|
| Θέματα: | |
| Ετικέτες: |
Προσθήκη ετικέτας
Δεν υπάρχουν, Καταχωρήστε ετικέτα πρώτοι!
|
MARC
| LEADER | 00000nam a2200000 i 4500 | ||
|---|---|---|---|
| 001 | 1/51457 | ||
| 008 | 070809s1996 eng d | ||
| 020 | |a 1-56670-803-6 (hbk.) | ||
| 020 | |a 0-87371-803-8 (hbk.) | ||
| 035 | |l 10089725 | ||
| 040 | |a GR-MY-UA |b gre |e aacr | ||
| 041 | 0 | |a eng | |
| 082 | 0 | |a 615.9253 |2 (22) | |
| 245 | 1 | 0 | |a Toxicology of metals / |c edited by Louis W. Chang ; associate editors, Laszlo Magos, Tsuguyoshi Suzuki ; foreword by Thomas W. Clarkson |
| 260 | |a Boca Raton : |b CRC Press, |c 1996 | ||
| 300 | |a 1198 σ.; |b εικ.; |c 26 εκ. | ||
| 500 | |a Lewis Publishers είναι χαρακτηριστικό της ταυτότητας έκδοσης του CRC Press | ||
| 504 | |a Περιέχει βιβλιογραφικές παραπομπές και ευρετήριο | ||
| 650 | 0 | 0 | |a Metals |x Toxicology. |
| 700 | 1 | |a Chang, Louis W. |4 edt | |
| 700 | 1 | |a Magos, L. |4 edt | |
| 700 | 1 | |a Suzuki, Tsuguyoshi |d 1932- |4 edt | |
| 700 | 1 | |a Clarkson, Thomas W. |4 aui | |
| 852 | |a INST |b LESVOS |e 20070809 |h 615.9253 TOX |p 005100041251 |q 005100041251 |t BK |y 0 | ||
| 901 | |a BIBL1-2007-2 | ||
| 909 | |a Λ |b 138105 | ||
| 922 | |a 1ΕΛΗ |b 200707 |c ΕΠΕΑΕΚ2/ΤΠ |d ΕΛΕΥΘΕΡΟΥΔΑΚΗΣ | ||
| 970 | |a ΚΑΡΑ |b ΓΙΑΣΕΜΗ |z 2007/08/09 | ||